00896nam a2200193 i 450000100060000000300090000600500170001500700030003200800410003510000200007624500870009625000150018326000510019830000450024950000670029465000210036171000580038285202620044079537ES-MaACL20250723094627.0t|041021s1947 sp ||||1| spa d1 aHerce, Félix.13aEl PH de los potenciales de Redox b: (teoría y mediciones) / cpor Pedro Herce. a[1ª ed.]. aMadrid : b[s.n.], c1947 (fImp. Artística) aXII, 147 p., 3 lám. : bil. ; c25 cm. aPrecede al tít.: Instituto de Investigaciones Agronómicas. 7aQuímica2embne00aInstituto de Investigaciones Agronómicas (cMadrid) aES-MaACLjD-6574 bR.30473bR.M.6165cSVIfSello en tinta azul de la Biblioteca del Ateneo de MadridgAnotación manuscrita en cubierta: "182gAnotación manuscrita en hoja de guarda: "E/110"xEncuadernación en tela marrónzEn cubierta: "9. Feb. 1951"